| 000 | 00513cam a2200193ua 4500 | ||
|---|---|---|---|
| 020 | _c2.50 | ||
| 041 |
_amal _h |
||
| 082 |
_a894.81209 _bVNP/PR |
||
| 100 | _aV N P, Namboodiri . | ||
| 245 | 0 | 0 |
_aPriya / _cV N P Namboodiri. _hTextual Documents |
| 260 |
_aCalicut : _bNavakerala Co-operative publishing , _c1966. |
||
| 300 | _a119 ; . | ||
| 365 | _a2.50 | ||
| 440 | 0 |
_aNoval Club Publications, _v1 _x; |
|
| 490 | 0 |
_aNoval Club Publications, _v1 _x; |
|
| 504 | _a | ||
| 942 | _cBK | ||
| 999 |
_c6341 _d6341 |
||